| 000 | 02887njm a2200457Ia 4500 | ||
|---|---|---|---|
| 001 | 21052 | ||
| 003 | IT-RoPAU | ||
| 005 | 20220918181119.0 | ||
| 008 | 131025s9999 xx 000 0 und d | ||
| 040 | _aIT-RoPAU | ||
| 040 | _cIT-RoPAU | ||
| 041 | _aITALIANO | ||
| 999 |
_c99607 _d99607 |
||
| 999 | _bn.d. | ||
| 100 |
_aAA.VV. _9794 |
||
| 100 |
_eAutore musica _94623 |
||
| 100 |
_gCodice autore musica SPICS: 12000 _9796 |
||
| 245 | _aPer aver visto un uomo piangere e soffrire Dio si trasformò in musica e poesia (Lp 6323 010) | ||
| 250 | _a1a ed. | ||
| 260 | _aITALIA | ||
| 260 |
_bPHILIPS _c1971 [1a Ed.:1971 - Ed. Lingua Orig.: 1971] |
||
| 300 | _aDISCO | ||
| 300 | _c41 minuti (Testo: pag.) | ||
| 500 | _aMusica leggera. Canzone italiana. | ||
| 505 | _aPreghiera (4:00) - Un uomo una donna una bambina (4:00) - Un volto bianco sulla neve (4:00) - T. L. & R. [(Thunder, Lightning and Rain) (5:00)] - Follow the Lamb (4:00) - Morire... dormire... forse sognare (5:00) - Lanterne antiche (3:00) - Poema degli occhi (3:00) - Storia di una donna che ha amato due volte un uomo che non sapeva amare (9:00) | ||
| 511 | _aPravo Patty | ||
| 650 |
_aCANZONE [DISCHI] _eCodice MATERIA SPICS: 9950 _9920 |
||
| 700 |
_aBardotti Sergio _gCodice autore musica SPICS: 13862 _eAutore musica _pPreghiera - Un uomo una donna una bambina - Morire... dormire... forse sognare - Poema degli occhi _94624 |
||
| 700 |
_aTrim _gCodice autore SPICS: 24602 _eAutore _pPreghiera _94625 |
||
| 700 |
_aVitalis A. _gCodice autore testo/musica SPICS: 24652 _eAutore testo/musica _pPreghiera - Un uomo una donna una bambina - Un volto bianco sulla neve _94626 |
||
| 700 |
_aPallavicini Vito _gCodice autore musica SPICS: 13656 _eAutore musica _pUn uomo una donna una bambina - Un volto bianco sulla neve - Lanterne antiche - Storia di una donna che ha amato due volte un uomo che non sapeva amare _94627 |
||
| 700 |
_aCroisille _gCodice autore SPICS: 24603 _eAutore _pUn volto bianco sulla neve _94628 |
||
| 700 |
_aShapiro David Shel _gCodice autore musica SPICS: 24542 _eAutore musica _pT. L. & R. (Thunder, Lightning and Rain) - Storia di una donna che ha amato due volte un uomo che non sapeva amare _94629 |
||
| 700 |
_aStyne Jules _gCodice autore musica SPICS: 11167 _eAutore musica _pFollow the Lamb _94630 |
||
| 700 |
_aCahan S. _gCodice autore SPICS: 24604 _eAutore _pFollow the Lamb _94631 |
||
| 700 |
_aBacalov Enriquez L. _gCodice autore SPICS: 24605 _eAutore _pMorire... dormire... forse sognare _94632 |
||
| 700 |
_aStewart _gCodice autore SPICS: 24606 _eAutore _pLanterne antiche _94633 |
||
| 700 |
_aAshdown _gCodice autore testo/musica SPICS: 24653 _eAutore testo/musica _pLanterne antiche _94634 |
||
| 700 |
_aDe Moraes Vinicius _gCodice autore SPICS: 8011 _eAutore _pPoema degli occhi _94635 |
||
| 700 |
_aSoledade P. _gCodice autore testo/musica SPICS: 24654 _eAutore testo/musica _pPoema degli occhi _94636 |
||
| 942 |
_cMD _2ddc |
||